Statistics for Guess the Taylor Swift song with no hint 16

Click here to take the quiz!

General Stats

  • This quiz has been taken 879 times
  • The average score is 221 of 311

Answer Stats

Answer% Correct
I
99%
a
98%
you
98%
the
97%
an
95%
And
93%
and
93%
love
93%
me
93%
we
93%
We
93%
where
93%
your
93%
in
92%
In
92%
it
91%
on
90%
so
90%
were
90%
my
89%
My
89%
be
88%
he
87%
To
87%
No
86%
"You're
86%
is
85%
that
84%
I'm
83%
Like
82%
all
80%
it's
79%
was
79%
but
78%
at
75%
by
75%
Did
75%
her
75%
if
75%
not
75%
with
75%
see
74%
Cause
73%
Some
73%
up
71%
didn't
70%
oh
69%
out
69%
just
68%
Paris
67%
somewhere
62%
stop
62%
else
61%
though
61%
down
60%
might
60%
friend's
59%
news
58%
breathing
57%
make
57%
wanna
57%
yours
57%
bedroom
56%
ex
56%
has
56%
kissed
56%
sister
56%
someone
56%
Met
55%
ages
54%
ago
54%
ceiling
54%
club
54%
guy
54%
photos?"
54%
thanks
54%
champagne
53%
drew
53%
Drew
53%
hooked
53%
map
53%
outfits
53%
terrible
53%
Turns
53%
view
53%
2003
52%
taken
52%
that's
51%
believe
50%
forever
50%
Into
50%
keep
50%
mind
50%
unbearable
50%
wannabe
50%
only
49%
wine
49%
door
48%
sign
48%
world
48%
alleyway
47%
Cheap
47%
Let
47%
loving
47%
whole
47%
Z-lister
47%
made
46%
side
46%
mean
45%
midnight
45%
Yes
45%
brainwash
44%
lights
44%
pretend
44%
Romance
44%
culture's
43%
dead
43%
drinking
43%
kind
43%
clever
42%
Privacy
42%
transport
42%
tree
42%
tower
41%
under
41%
truth
40%
alleyways
39%
grown
39%
letters
39%
page
38%
shade
38%
Sit
38%
flashing
37%
Stumbled
37%
thrown
37%
Confess
36%
cursive
36%
messes
35%
swooping
34%
quiet
30%
sloping
30%
Levitate
29%
above
28%

Score Distribution

Percentile by Number Answered

Percent of People with Each Score

Your Score History

You have not taken this quiz